LEADER 01116nam0-2200361---450 001 990009782900403321 005 20201015111004.0 010 $a978-1-107-01372-8 035 $a000978290 035 $aFED01000978290 035 $a(Aleph)000978290FED01 035 $a000978290 100 $a20131030d2013----km-y0itay50------ba 101 0 $aeng 102 $aGB 105 $a--------001yy 200 1 $a<>origins, history, and future of the Federal Reserve$ea return to Jekyll Island$fedited by Michael D. Bordo, William Roberds 210 $aCambridge$cCambridge university press$d2013 215 $aXIX, 431 p.$d24 cm 225 1 $aStudies in macroeconomic history 610 0 $aFederal reserve 676 $a332.110973$v22$zita 702 1$aBordo,$bMichael D. 702 1$aRoberds,$bWilliam 801 0$aIT$bUNINA$gRICA$2UNIMARC 901 $aBK 912 $a990009782900403321 952 $a332.1 BOR 2013$b2013/51$fSES 952 $aVI A 1666$b1185/2016$fFSPBC 959 $aSES 959 $aFSPBC 996 $aOrigins, history, and future of the Federal Reserve$9832917 997 $aUNINA LEADER 00768nam a22002171i 4500 001 991004359536207536 005 20250317124109.0 008 250102s1975 gw a|||fr|||| 001|0|mul d 040 $aBibl. Dip.le Aggr. Scienze Giuridiche - Sez. Studi Giuridici$bita$cSocioculturale Scs 041 0 $ager$aeng$afre 082 04$a070.5094$223 111 2 $aBuchmesse$n<27. ;$d1975 ;$cFrankfurter>$0452570 245 10$a27. Frankfurter Buchmesse :$b9-14 october 1975 246 11$a27th Frankfurt book fair 246 11$a27e Foire du livre de Francfort 260 $a[S.l.] :$b[s.n.],$cc1975 300 $aPaginazione varia :$bill. ;$c20 cm 650 4$aLibri$xFiere$zFrancoforte$y1975 912 $a991004359536207536 996 $a27. Frankfurter Buchmesse$9154914 997 $aUNISALENTO